00482nam a2200193 a 4500001001300000003000900013005001700022008004100039020001000080082001600090100001100106245003300117260003800150300000900188500003500197505002400232650002100256700001100277nice12345678IN_TiNIC20260116012537.0050524s1904 kana grp 000 0 urd  ac10000a891.41bAMI aAmir,  aMiratul Ghaib (diwan-E-Amir) aKanpurbNawal Kishore Pressc1904 a348p aincludes index and biblioraphy2 aBibliography, Index aUrdu-Poetry-amir1 aAmir,